Hot buttons / (Record no. 5966)

MARC details
000 -LEADER
fixed length control field 00967cam a2200289 a 4500
001 - CONTROL NUMBER
control field 2109923
003 - CONTROL NUMBER IDENTIFIER
control field mut
005 - DATE AND TIME OF LATEST TRANSACTION
control field 20240606081007.0
008 - FIXED-LENGTH DATA ELEMENTS--GENERAL INFORMATION
fixed length control field 970224s1997 inu b 000 0 eng
010 ## - LIBRARY OF CONGRESS CONTROL NUMBER
LC control number 96072039
020 ## - INTERNATIONAL STANDARD BOOK NUMBER
International Standard Book Number 0873674952
040 ## - CATALOGING SOURCE
Original cataloging agency DLC
Transcribing agency DLC
Modifying agency DLC
043 ## - GEOGRAPHIC AREA CODE
Geographic area code n-us---
050 00 - LIBRARY OF CONGRESS CALL NUMBER
Classification number LA210
Item number .H68 1997
082 00 - DEWEY DECIMAL CLASSIFICATION NUMBER
Classification number 370/.973
Edition information 21
245 00 - TITLE STATEMENT
Title Hot buttons /
246 1# - VARYING FORM OF TITLE
Display text Subtitle on cover:
Title proper/short title Unraveling 10 controversial issues in education
260 ## - PUBLICATION, DISTRIBUTION, ETC.
Place of publication, distribution, etc. Bloomington, Ind. :
Name of publisher, distributor, etc. Phi Delta Kappa Educational Foundation,
Date of publication, distribution, etc. c1997.
300 ## - PHYSICAL DESCRIPTION
Extent 268 p. ;
Dimensions 23 cm.
504 ## - BIBLIOGRAPHY, ETC. NOTE
Bibliography, etc. note Includes bibliographical references.
650 #0 - SUBJECT ADDED ENTRY--TOPICAL TERM
Topical term or geographic name entry element Education
Geographic subdivision United States.
650 #0 - SUBJECT ADDED ENTRY--TOPICAL TERM
Topical term or geographic name entry element Education
General subdivision Social aspects
Geographic subdivision United States.
700 1# - ADDED ENTRY--PERSONAL NAME
Personal name Walling, Donovan R.,
Dates associated with a name 1948-
906 ## - LOCAL DATA ELEMENT F, LDF (RLIN)
a 7
b cbc
c orignew
d 2
e opcn
f 19
g y-gencatlg
942 ## - ADDED ENTRY ELEMENTS (KOHA)
Source of classification or shelving scheme Library of Congress Classification
Koha item type Books
Holdings
Withdrawn status Lost status Source of classification or shelving scheme Damaged status Not for loan Home library Current library Date acquired Total checkouts Full call number Barcode Date last seen Price effective from Koha item type
    Library of Congress Classification     Murang'a University of Technology Library Murang'a University of Technology Library 10/03/2017   LA210 .H68 1997 007058 30/08/2024 10/03/2017 Books